Normal view
MARC view
Entry Personal Name
001 - CONTROL NUMBER
- control field: 15586
003 - CONTROL NUMBER IDENTIFIER
- control field: ARRUPE
005 - DATE AND TIME OF LATEST TRANSACTION
- control field: 20150226140902.0
008 - FIXED-LENGTH DATA ELEMENTS
- fixed length control field: 150226|| aca||aabn | a|a d
040 ## - CATALOGING SOURCE
- Original cataloging agency: ARRUPE
- Transcribing agency: ARRUPE
100 ## - HEADING--PERSONAL NAME
- Personal name: Falola, Toyin and Genova, Ann
670 ## - SOURCE DATA FOUND
- Source citation: Work cat.: (ARRUPE): Falola, Toyin and Genova, Ann , Orisa , 2005